[Event "ISR-chT"]
[Site "Israel"]
[Date "2024.02.16"]
[Round "7.12"]
[White "Huzman, Alexander"]
[Black "Kereth, Oren"]
[Result "1-0"]
[WhiteElo "2539"]
[BlackElo "2070"]
[PlyCount "113"]
[EventDate "2024.01.10"]
[EventType "team-tourn"]
[EventRounds "11"]
[EventCountry "ISR"]
[SourceTitle "CB09_2024"]
[SourceDate "2024.02.28"]
[SourceVersion "1"]
[SourceVersionDate "2024.02.28"]
[SourceQuality "1"]
[WhiteTeam "Beer Sheva"]
[BlackTeam "Rehovot"]
[WhiteTeamCountry "ISR"]
[BlackTeamCountry "ISR"]

1. Nf3 Nf6 2. g3 d5 3. Bg2 e6 4. 0-0 Be7 5. b3 0-0 6. Bb2 b6 7. c4 Bb7 8. e3 a5 9. Nc3 Nbd7 10. d4 Bb4 11. Rc1 Qe7 12. cxd5 exd5 13. Qc2 Rac8 14. Rfd1 Rfd8 15. Qb1 Nf8 16. Ne5 Ba8 17. Na4 Qe6 18. Qc2 Re8 19. Nc6 Ng6 20. Na7 Rb8 21. Nc6 Rbc8 22. Bf1 Ne7 23. Nxe7+ Bxe7 24. Ba6 Rb8 25. Bd3 Bd6 26. Nc3 c6 27. Re1 Qh3 28. f3 Qh5 29. Qg2 Rbd8 30. Nd1 c5 31. Nc3 Rxe3 32. Rxe3 cxd4 33. Nb5 dxe3 34. Nxd6 d4 35. g4 Qe5 36. Nf5 g6 37. Bxd4 Rxd4 38. Rc8+ Ne8 39. Nxd4 Bb7 40. Rxe8+ Qxe8 41. Qe2 Qe5 42. Nc2 Qb2 43. Nxe3 Qd4 44. Kg2 a4 45. bxa4 Qf4 46. Bc4 h5 47. Bd5 Ba6 48. Qc2 Kf8 49. Qe4 Qf6 50. gxh5 Qg5+ 51. Kf2 Qxh5 52. Qf4 g5 53. Qd6+ Kg8 54. Nf5 g4 55. Bxf7+ Kxf7 56. Qe7+ Kg6 57. Qe8+ 1-0

[Event "Ramat Gan Shavuot op"]
[Site "Ramat Gan"]
[Date "2023.05.25"]
[Round "4"]
[White "Dvoirys, Semen I"]
[Black "Kereth, Oren"]
[Result "1-0"]
[WhiteElo "2470"]
[BlackElo "2080"]
[PlyCount "33"]
[EventDate "2023.05.25"]
[EventType "swiss (rapid)"]
[EventRounds "6"]
[EventCountry "ISR"]
[SourceTitle "CBM 214 Extra"]
[Source "ChessBase"]
[SourceDate "2023.07.31"]
[SourceVersion "1"]
[SourceVersionDate "2023.07.31"]
[SourceQuality "1"]

1. e4 e5 2. Nf3 Nc6 3. Bb5 a6 4. Ba4 Nf6 5. 0-0 Nxe4 6. d4 b5 7. Bb3 d5 8. dxe5 Be6 9. c3 Bc5 10. Qd3 0-0 11. Be3 Bxe3 12. Qxe3 Qe7 13. Nbd2 Nc5 14. Nd4 Na5 15. Bc2 Nc4 16. Nxc4 bxc4 17. Nc6 1-0

[Event "Ramat Gan Shavuot op"]
[Site "Ramat Gan"]
[Date "2023.05.25"]
[Round "5"]
[White "Kereth, Oren"]
[Black "Gurevich, Neria"]
[Result "1-0"]
[WhiteElo "2080"]
[BlackElo "1804"]
[PlyCount "53"]
[EventDate "2023.05.25"]
[EventType "swiss (rapid)"]
[EventRounds "6"]
[EventCountry "ISR"]
[SourceTitle "CBM 214 Extra"]
[Source "ChessBase"]
[SourceDate "2023.07.31"]
[SourceVersion "1"]
[SourceVersionDate "2023.07.31"]
[SourceQuality "1"]

1. e4 c5 2. c3 e6 3. d4 d5 4. exd5 exd5 5. Nf3 Nc6 6. Bb5 Nf6 7. 0-0 Bd6 8. dxc5 Bxc5 9. Nbd2 0-0 10. Nb3 Bd6 11. Bg5 Be6 12. h3 h6 13. Be3 a6 14. Bd3 Qc7 15. Nbd4 Rfd8 16. Qb3 Rac8 17. Nxe6 fxe6 18. Bb6 Qf7 19. Bxd8 Rxd8 20. c4 Bb8 21. cxd5 exd5 22. Rfe1 Nh5 23. Rad1 Nf4 24. Bb1 Ba7 25. Rd2 Na5 26. Qc3 Nc4 27. Qxc4 1-0

[Event "Ramat Gan Shavuot op"]
[Site "Ramat Gan"]
[Date "2023.05.25"]
[Round "1"]
[White "Levin, Guy"]
[Black "Kereth, Oren"]
[Result "1-0"]
[WhiteElo "2424"]
[BlackElo "2080"]
[PlyCount "76"]
[EventDate "2023.05.25"]
[EventType "swiss (rapid)"]
[EventRounds "6"]
[EventCountry "ISR"]
[SourceTitle "CBM 214 Extra"]
[Source "ChessBase"]
[SourceDate "2023.07.31"]
[SourceVersion "1"]
[SourceVersionDate "2023.07.31"]
[SourceQuality "1"]

1. Nf3 Nf6 2. g3 d5 3. Bg2 Bf5 4. 0-0 e6 5. d3 Be7 6. b3 0-0 7. Bb2 Nbd7 8. Nbd2 a5 9. a3 h6 10. Re1 Nc5 11. c4 c6 12. Qc2 b5 13. Nd4 Qb6 14. Nxf5 exf5 15. Bd4 Qc7 16. cxb5 Ne6 17. Nf3 cxb5 18. Qb2 Rac8 19. Rec1 Qd7 20. Bc3 a4 21. Bh3 Nc5 22. Nd4 g6 23. b4 Nb7 24. Nxf5 gxf5 25. Bxf6 Nd6 26. Qe5 Bxf6 27. Qxf6 Qe6 28. Qh4 Rxc1+ 29. Rxc1 Kg7 30. e3 Qf6 31. Qf4 Rc8 32. Rc5 Rxc5 33. bxc5 Qa1+ 34. Kg2 Ne8 35. Bxf5 Qxa3 36. Qe5+ Nf6 37. c6 Qc5 38. c7 a3 1-0